000 00296nam a2200121Ia 4500
008 220216s9999 xx 000 0 und d
100 _aChandy B
245 0 _aRubberinangalude uthpadanakshamatha kurayunnuvo ?
260 _bRubber
_c2015
300 _a9-Jul
700 _aGeorge K T
942 _cBS
999 _c49764
_d49764